Loading...
| Art - Painting/Sculpture | 0 | 4 | 0 | 0 | 40 | 53 | 85.50 | 1 | 3 | 0.00 | 0.00 |
| Art - Other | 0 | 1 | 0 | 0 | 10 | 136 | 136.00 | 0 | 0 | 0.00 | 0.00 |
| Social Science - Economics | 0 | 1 | 0 | 0 | 10 | 76 | 76.00 | 0 | 1 | 0.00 | 0.00 |
| Art - Music/Opera | 0 | 1 | 0 | 0 | 10 | 129 | 129.00 | 0 | 0 | 0.00 | 0.00 |
| Mythology - Mixed/Any | 0 | 1 | 0 | 1 | 10 | 143 | 143.00 | 0 | 0 | 0.00 | 0.00 |
| Religion - Mixed/Any | 0 | 1 | 0 | 1 | 10 | 131 | 131.00 | 1 | 1 | 0.00 | 0.00 |
| Social Science - Sociology | 0 | 1 | 0 | 1 | 10 | 122 | 122.00 | 0 | 1 | 0.00 | 0.00 |
| Art - Other | 0 | 1 | 0 | 0 | 10 | 84 | 84.00 | 1 | 1 | 0.00 | 0.00 |
| Art - Painting/Sculpture | 0 | 1 | 0 | 0 | 10 | 31 | 31.00 | 1 | 1 | 0.00 | 0.00 |
| Art - Visual | 0 | 0 | 1 | 0 | -5 | 0.00 | 0 | 0 | 0.00 | 0.00 |